Power and contestation : (Record no. 92052)

MARC details
000 -LEADER
fixed length control field 00673nam a22002057a 4500
005 - DATE AND TIME OF LATEST TRANSACTION
control field 20150423121500.0
010 ## - LCCN (DPL NO)
LC control number ENG-112288
020 ## - INTERNATIONAL STANDARD BOOK NUMBER
International Standard Book Number 9788125056195
Terms of availability 675.00
035 ## - SYSTEM CONTROL NUMBER
System control number EN-95820
037 ## - SOURCE OF ACQUISITION
Source of stock number/acquisition DBAD/PUB
082 ## - DEWEY DECIMAL CLASSIFICATION NUMBER
Classification number 954.09
100 ## - MAIN ENTRY--PERSONAL NAME
Personal name Menon, Nivedita
245 ## - TITLE STATEMENT
Title Power and contestation :
Statement of responsibility, etc by Nivedita Menon [and] Aditya Nigam
Remainder of title India since 1989 with a new epilogue /
260 ## - PUBLICATION, DISTRIBUTION, ETC. (IMPRINT)
Place of publication, distribution, etc New Delhi
Name of publisher, distributor, etc Orient BlackSwan
Date of publication, distribution, etc 2014
270 ## - ADDRESS
Address 1/24, Asaf Ali Road,
City New Delhi
Postal code 110002
300 ## - PHYSICAL DESCRIPTION
Extent xii, 271p.
Dimensions 23cm(pbk)
500 ## - GENERAL NOTE
General note Includes bibliographical references and index
700 ## - ADDED ENTRY--PERSONAL NAME
Personal name Nigam, Aditya
942 ## - ADDED ENTRY ELEMENTS (KOHA)
Source of classification or shelving scheme Dewey Decimal Classification
Item type English Books
Call number suffix MEN
Classification part 954.09
Holdings
Withdrawn status Lost status Not for loan Collection code Home library Current library Date acquired Source of acquisition Cost, normal purchase price Full call number Barcode Copy number Cost, replacement price Koha item type
    Not For Loan Non-fiction D.B.Act.Division D.B.Act.Division 03/03/2015 DBAD/PUB 675.00 954.09 MEN EN-95820 1 675.00 English Books

© Delhi Public Library
Hit Counter
free hit counter